[Event "Landsturneringen 2009, Mester"]
[Site "Bergen"]
[Date "2009.07.04"]
[Round "1"]
[White "Bjerke, Silje"]
[Black "Pham, Toan Thanh"]
[Result "1-0"]
[WhiteElo "2233"]
[BlackElo "2054"]
[PlyCount "79"]
[EventDate "2009.07.09"]
[EventType "swiss"]
[EventRounds "9"]
[EventCountry "NOR"]
[SourceDate "2009.07.06"]

1. e4 e5 2. Nf3 Nc6 3. Bc4 Bc5 4. c3 Nf6 5. d3 d6 6. Bb3 O-O 7. O-O Qe7 8. Nbd2
Be6 9. Nc4 Bb6 10. Nxb6 axb6 11. Re1 Bxb3 12. Qxb3 Nh5 13. d4 Qf6 14. d5 Nb8
15. Qc4 Na6 16. Bg5 Qg6 17. Be3 Nc5 18. Nd2 Nf4 19. Bxf4 exf4 20. b4 Nd7 21.
Nf3 Rac8 22. e5 dxe5 23. Nxe5 Nxe5 24. Rxe5 Qf6 25. Rae1 h6 26. Qd3 Ra8 27. Qc2
Qd6 28. Qd2 b5 29. Re7 Ra3 30. h3 Raa8 31. Qd3 Rxa2 32. Qxb5 c6 33. dxc6 bxc6
34. Qc4 Rd2 35. Rxf7 Rxf7 36. Re8+ Kh7 37. Qxf7 Rd1+ 38. Kh2 Rd3 39. Qf5+ Qg6
40. Rh8+ 1-0

[Event "Landsturneringen 2009, Mester"]
[Site "Bergen"]
[Date "2009.07.04"]
[Round "1"]
[White "Gundersen, Helge"]
[Black "Bryn, Askild"]
[Result "1-0"]
[WhiteElo "2231"]
[BlackElo "2014"]
[PlyCount "95"]
[EventDate "2009.07.09"]
[EventType "swiss"]
[EventRounds "9"]
[EventCountry "NOR"]
[SourceDate "2009.07.06"]

1. b3 e5 2. Bb2 Nc6 3. e3 d6 4. d4 exd4 5. exd4 d5 6. Nf3 Bd6 7. c4 Bf5 8. Be2
Nf6 9. O-O Nb4 10. a3 Nc6 11. Nc3 dxc4 12. bxc4 O-O 13. Nb5 Be7 14. d5 Nb8 15.
Be5 Na6 16. Qd4 Bg6 17. Rfd1 Bc5 18. Qf4 Nh5 19. Qd2 Nf6 20. Qb2 Ne4 21. Nbd4
Rb8 22. Bxg7 Re8 23. Bh6 Qf6 24. Be3 c6 25. Ra2 cxd5 26. cxd5 Nc7 27. Bc4 b5
28. Bb3 a5 29. Nc6 Qxb2 30. Rxb2 Bxa3 31. Ra2 Bb4 32. Nxb8 Rxb8 33. Bf4 Rc8 34.
d6 Bxd6 35. Bxd6 Nc3 36. Rc1 Ne8 37. Bf4 a4 38. Rxc3 Rxc3 39. Bd1 Nf6 40. Rd2
a3 41. Be5 Rc6 42. Rd8+ Kg7 43. Rd6 Rxd6 44. Bxd6 a2 45. Be5 Bd3 46. Nh4 b4 47.
Bb3 Bb1 48. g4 1-0

[Event "Landsturneringen 2009, Mester"]
[Site "Bergen"]
[Date "2009.07.04"]
[Round "1"]
[White "Hobber, Anders"]
[Black "Thorstensen, Trond"]
[Result "1-0"]
[WhiteElo "2056"]
[BlackElo "2264"]
[PlyCount "86"]
[EventDate "2009.07.09"]
[EventType "swiss"]
[EventRounds "9"]
[EventCountry "NOR"]
[SourceDate "2009.07.06"]

1. e4 e6 2. d4 d5 3. exd5 exd5 4. Bd3 c5 5. dxc5 Bxc5 6. Nc3 Nc6 7. Nge2 Nf6 8.
O-O h6 9. Nf4 Ne7 10. Nh5 Nxh5 11. Qxh5 Be6 12. Bf4 Qd7 13. Bb5 Nc6 14. Rad1 g6
15. Qe5 O-O-O 16. Bxc6 Qxc6 17. Nxd5 Bxd5 18. Qb8+ Kd7 19. Qe5 Kc8 20. Rxd5
Rxd5 21. Qxh8+ Rd8 22. Qxh6 Qb6 23. Qh3+ f5 24. Qc3 Kd7 25. Rd1+ Kc8 26. Rxd8+
Kxd8 27. Bg5+ Ke8 28. Qh8+ Kf7 29. Qh7+ Kf8 30. Bh6+ Ke8 31. Qg8+ Kd7 32. Qf7+
Kc8 33. Qe8+ Qd8 34. Qxd8+ Kxd8 35. Be3 Bd6 36. Bxa7 Be5 37. c3 Kc7 38. Bd4 Bf4
39. b3 Kc6 40. a4 Kd5 41. f3 g5 42. g3 Bc7 43. Kg2 g4 1-0

[Event "Landsturneringen 2009, Mester"]
[Site "Bergen"]
[Date "2009.07.04"]
[Round "1"]
[White "Johansen, Paul"]
[Black "Kovachev, Daniel Jakobsen"]
[Result "1/2-1/2"]
[WhiteElo "2052"]
[BlackElo "2239"]
[PlyCount "132"]
[EventDate "2009.07.09"]
[EventType "swiss"]
[EventRounds "9"]
[EventCountry "NOR"]
[SourceDate "2009.07.06"]

1. c4 Nf6 2. Nc3 e6 3. g3 d5 4. cxd5 exd5 5. d4 c6 6. Bg2 Bd6 7. Nf3 O-O 8. O-O
Re8 9. Qc2 Qe7 10. Bg5 h6 11. Bxf6 Qxf6 12. e4 dxe4 13. Nxe4 Qd8 14. Nxd6 Qxd6
15. Qb3 Re7 16. a4 Be6 17. Qa3 Qxa3 18. Rxa3 Na6 19. a5 Rd8 20. Re3 Red7 21.
Rc1 Rd5 22. Re5 Rxe5 23. dxe5 Rd5 24. Bf1 Rxa5 25. Nd4 Bd5 26. f4 Ra2 27. Rc2
Nc7 28. Rd2 a5 29. Kf2 a4 30. Ke1 a3 31. bxa3 Rxa3 32. Rb2 Ra1+ 33. Kf2 Ra2 34.
Rxa2 Bxa2 35. f5 Kf8 36. g4 c5 37. Nb5 Nxb5 38. Bxb5 Ke7 39. Ke3 Bd5 40. h4 b6
41. g5 hxg5 42. hxg5 f6 43. gxf6+ gxf6 44. e6 Kd6 45. Kd3 Bg2 46. Ke3 Bh3 47.
Kf4 Bg2 48. Ke3 Bd5 49. Kd3 Ba2 50. Kc3 Bxe6 51. fxe6 Kxe6 52. Be2 Ke5 53. Kc4
f5 54. Kb5 Kd4 55. Bc4 f4 56. Bf1 Kc3 57. Bc4 f3 58. Bf1 f2 59. Bc4 Kd4 60. Bf1
Kd5 61. Bc4+ Kd4 62. Bf1 Kc3 63. Bc4 Kd2 64. Kxb6 Ke1 65. Kxc5 f1=Q 66. Bxf1
Kxf1 1/2-1/2

[Event "Landsturneringen 2009, Mester"]
[Site "Bergen"]
[Date "2009.07.04"]
[Round "1"]
[White "Karlsen, Terje"]
[Black "Stubberud, Ørnulf"]
[Result "0-1"]
[WhiteElo "2045"]
[BlackElo "2200"]
[PlyCount "54"]
[EventDate "2009.07.09"]
[EventType "swiss"]
[EventRounds "9"]
[EventCountry "NOR"]
[SourceDate "2009.07.06"]

1. f4 Nf6 2. Nf3 g6 3. d3 Bg7 4. e3 d6 5. Be2 O-O 6. O-O Nc6 7. Nc3 e5 8. e4
Re8 9. Qe1 exf4 10. Bxf4 h6 11. Qd2 Kh7 12. h3 Be6 13. Kh1 Qd7 14. Rad1 Rad8
15. Rde1 a6 16. Nd1 b5 17. Nf2 Qc8 18. c3 Bxa2 19. Nh2 Be6 20. d4 Na5 21. d5
Bd7 22. b4 Nc4 23. Bxc4 bxc4 24. e5 dxe5 25. Bxe5 Be6 26. Bxf6 Bxf6 27. Qf4 Bg5
0-1

[Event "Landsturneringen 2009, Mester"]
[Site "Bergen"]
[Date "2009.07.04"]
[Round "1"]
[White "Larsen, Tor Kristian"]
[Black "Ferkingstad, Sjur"]
[Result "0-1"]
[WhiteElo "1973"]
[BlackElo "2111"]
[PlyCount "152"]
[EventDate "2009.07.09"]
[EventType "swiss"]
[EventRounds "9"]
[EventCountry "NOR"]
[SourceDate "2009.07.06"]

1. c4 f5 2. g3 Nf6 3. Bg2 g6 4. Nc3 Bg7 5. d3 O-O 6. e4 d6 7. Nge2 Nc6 8. O-O
e5 9. Rb1 Be6 10. Nd5 fxe4 11. dxe4 Qd7 12. b4 Rf7 13. Ne3 Raf8 14. b5 Nd8 15.
f3 Bh3 16. Rb3 Bxg2 17. Kxg2 Ne6 18. Ra3 Bh6 19. Nd5 Bxc1 20. Nxf6+ Rxf6 21.
Qxc1 Nc5 22. Qe3 a6 23. Nc3 axb5 24. cxb5 c6 25. bxc6 bxc6 26. Ne2 Qb7 27. Nc1
R6f7 28. Nb3 Ne6 29. Rf2 c5 30. Qd3 Ng5 31. Nd2 Qd7 32. Kh1 Ne6 33. Nb3 Qc7 34.
Qc4 Ng5 35. Nd2 Qd7 36. Ra6 Kg7 37. Qd3 Rf6 38. Ra3 Ne6 39. Nb3 R8f7 40. Kg2 h5
41. Nd2 h4 42. Qe3 h3+ 43. Kg1 Nd4 44. Qd3 Qb7 45. Qf1 Qb4 46. Re3 c4 47. Nxc4
Rxf3 48. Rexf3 Nxf3+ 49. Rxf3 Rxf3 50. Qxf3 Qxc4 51. a3 Qc1+ 52. Kf2 Qd2+ 53.
Qe2 Qd4+ 54. Kf3 Qc3+ 55. Kg4 Qc8+ 56. Kf3 g5 57. g4 Qc1 58. Qe3 Qh1+ 59. Ke2
Qxh2+ 60. Kd3 Qf4 61. Qxh3 Qc1 62. Qg2 Qxa3+ 63. Kc4 Kf6 64. Qf2+ Ke7 65. Qf5
Qc1+ 66. Kd3 Qf4 67. Qh7+ Kd8 68. Qh3 Kc7 69. Qg2 Kd7 70. Ke2 Kc6 71. Kd1 Kc5
72. Qc2+ Kd4 73. Qa4+ Ke3 74. Qb3+ Kxe4 75. Qc4+ Kf3 76. Qe2+ Kg3 0-1

[Event "Landsturneringen 2009, Mester"]
[Site "Bergen"]
[Date "2009.07.04"]
[Round "1"]
[White "Moen, Ole Christian"]
[Black "Sørensen, Kristian"]
[Result "1-0"]
[WhiteElo "2205"]
[BlackElo "2030"]
[PlyCount "119"]
[EventDate "2009.07.09"]
[EventType "swiss"]
[EventRounds "9"]
[EventCountry "NOR"]
[SourceDate "2009.07.06"]

1. e4 c6 2. d4 d5 3. Nc3 dxe4 4. Nxe4 Nf6 5. Nxf6+ gxf6 6. c3 Bf5 7. Nf3 e6 8.
Be3 Bd6 9. Nh4 Bg6 10. g3 Be4 11. Rg1 Nd7 12. Qh5 Nf8 13. f3 Bg6 14. Nxg6 Nxg6
15. O-O-O Qc7 16. f4 f5 17. d5 cxd5 18. Bb5+ Ke7 19. Bd4 f6 20. Rge1 Kf7 21.
Kb1 a6 22. Qe2 Qc8 23. Bd3 b5 24. Qf3 Qc6 25. Qh5 Rae8 26. g4 fxg4 27. f5 exf5
28. Bxf5 Be5 29. Bxe5 fxe5 30. Rf1 Kg7 31. Qxg4 Qc4 32. Qh5 Rhf8 33. Rg1 Rf6
34. Rg4 Qc6 35. Rdg1 Qd6 36. Rh4 Rh8 37. Qh6+ Kf7 38. Rh5 d4 39. cxd4 exd4 40.
Bc2 Qf8 41. Bb3+ Ke7 42. Re1+ Kd7 43. Rd5+ Kc7 44. Qh3 Rd6 45. Rf5 Qd8 46. Rf7+
Kb6 47. Qg2 Qb8 48. Bd5 Re8 49. Rxe8 Qxe8 50. Rb7+ Kc5 51. Be4 Ne5 52. b4+ Kxb4
53. Qb2+ Kc4 54. Qb3+ Kc5 55. Qa3+ Kc4 56. Qxd6 Kc3 57. Qa3+ Kd2 58. Rg7 Ng6
59. Qd3+ Ke1 60. Rc7 1-0

[Event "Landsturneringen 2009, Mester"]
[Site "Bergen"]
[Date "2009.07.04"]
[Round "1"]
[White "Olsen, Anders"]
[Black "Borchgrevink, Harald B"]
[Result "0-1"]
[WhiteElo "2011"]
[BlackElo "2283"]
[PlyCount "56"]
[EventDate "2009.07.09"]
[EventType "swiss"]
[EventRounds "9"]
[EventCountry "NOR"]
[SourceDate "2009.07.06"]

1. Nf3 Nf6 2. g3 b6 3. Bg2 Bb7 4. c4 e6 5. O-O c5 6. Nc3 Be7 7. d4 cxd4 8. Qxd4
O-O 9. Rd1 Nc6 10. Qf4 d6 11. b3 Qb8 12. e4 a6 13. Ba3 Rd8 14. Qe3 b5 15. cxb5
axb5 16. Nxb5 Ra5 17. e5 Ng4 18. Qb6 Ra6 19. Qc7 Qxc7 20. Nxc7 Rxa3 21. exd6
Bf6 22. Rac1 Rxa2 23. Nd2 Rxd6 24. Ne4 Rxd1+ 25. Rxd1 Be7 26. h3 Nf6 27. Nd6
Nd8 28. Bxb7 Nxb7 0-1

[Event "Landsturneringen 2009, Mester"]
[Site "Bergen"]
[Date "2009.07.04"]
[Round "1"]
[White "Pedersen, Lars Erik"]
[Black "Martinsen, Stig K."]
[Result "0-1"]
[WhiteElo "1949"]
[BlackElo "2132"]
[PlyCount "80"]
[EventDate "2009.07.09"]
[EventType "swiss"]
[EventRounds "9"]
[EventCountry "NOR"]
[SourceDate "2009.07.06"]

1. e4 c5 2. Nc3 a6 3. g3 b5 4. Bg2 Bb7 5. Nge2 e6 6. O-O Nf6 7. d3 d6 8. a4 b4
9. Nb1 Nbd7 10. Nd2 Qc7 11. Re1 Be7 12. Nc4 O-O 13. Nf4 g6 14. h4 Rfe8 15. e5
dxe5 16. Bxb7 Qxb7 17. Nxe5 Nxe5 18. Rxe5 Nd7 19. Re1 Bf6 20. Ng2 Rad8 21. Rb1
c4 22. Bg5 Bxg5 23. hxg5 cxd3 24. cxd3 Qd5 25. Qe2 Qxg5 26. d4 Qa5 27. Ne3 Nf6
28. Qf3 Kg7 29. Nc4 Qxa4 30. Ra1 Qb5 31. b3 Rxd4 32. Ra5 Qb8 33. Rxa6 Rd7 34.
Ne5 Rb7 35. g4 h6 36. Nc4 Ree7 37. Rea1 Ra7 38. Rxa7 Rxa7 39. Rd1 Nd5 40. Qe4
Qf4 0-1

[Event "Landsturneringen 2009, Mester"]
[Site "Bergen"]
[Date "2009.07.04"]
[Round "1"]
[White "Riisem, Øyvind"]
[Black "Eriksen, Terje"]
[Result "1-0"]
[WhiteElo "1967"]
[BlackElo "2087"]
[PlyCount "83"]
[EventDate "2009.07.09"]
[EventType "swiss"]
[EventRounds "9"]
[EventCountry "NOR"]
[SourceDate "2009.07.06"]

1. e4 c5 2. Nf3 e6 3. b3 Nc6 4. d4 cxd4 5. Nxd4 Nf6 6. Nxc6 bxc6 7. Bd3 d5 8.
e5 Nd7 9. Qe2 Be7 10. O-O O-O 11. c3 a5 12. Nd2 a4 13. b4 c5 14. a3 cxb4 15.
axb4 Qc7 16. Nf3 h6 17. Bd2 Bb7 18. Rfe1 Nb6 19. Nd4 Nc4 20. Bc1 Rfc8 21. Bc2
Bf8 22. h4 Be7 23. h5 Qxe5 24. Qd1 Qc7 25. Qd3 Bf6 26. Qh7+ Kf8 27. Nf5 Ke8 28.
Qg8+ Kd7 29. Qxf7+ Kc6 30. b5+ Kxb5 31. Qxe6 Bc6 32. Ba3 Re8 33. Be7 Qd7 34.
Reb1+ Ka5 35. Bb4+ Kb5 36. Be7+ Ka5 37. Qxd7 Bxd7 38. Bxf6 gxf6 39. Rb7 Bc6 40.
Rb4 Re2 41. Bxa4 Bxa4 42. Raxa4# 1-0

[Event "Landsturneringen 2009, Mester"]
[Site "Bergen"]
[Date "2009.07.05"]
[Round "2"]
[White "Andreassen, Arnold"]
[Black "Lilleøren, Morten"]
[Result "1-0"]
[WhiteElo "2040"]
[BlackElo "2006"]
[PlyCount "93"]
[EventDate "2009.07.09"]
[EventType "swiss"]
[EventRounds "9"]
[EventCountry "NOR"]
[SourceDate "2009.07.06"]

1. e4 c5 2. Nf3 d6 3. Bb5+ Bd7 4. Bxd7+ Qxd7 5. c4 Nc6 6. Nc3 g6 7. d4 cxd4 8.
Nxd4 Nf6 9. h3 Nxd4 10. Qxd4 Bg7 11. Be3 O-O 12. Qd3 Rfc8 13. Rc1 a6 14. a4 Qc7
15. b3 Qa5 16. O-O Qb4 17. Rb1 e6 18. Bd4 Rd8 19. Qc2 Rac8 20. Na2 Qa5 21. Qb2
e5 22. Bc3 Qc7 23. Qe2 b5 24. cxb5 axb5 25. Qxb5 Nxe4 26. Ba5 Qd7 27. Rfe1 Qf5
28. Qe2 Ng5 29. Bxd8 Rxd8 30. Nb4 e4 31. Nc6 Re8 32. Qg4 Qf6 33. h4 Ne6 34.
Qxe4 d5 35. Qxd5 Qxh4 36. Re4 Qf6 37. Rbe1 Rf8 38. a5 Nf4 39. Qc4 Bh6 40. Ne7+
Kh8 41. Qd4 Qxd4 42. Rxd4 Ne6 43. Rc4 Bg5 44. Nc8 Rd8 45. a6 Rd2 46. a7 Ra2 47.
Ra4 1-0

[Event "Landsturneringen 2009, Mester"]
[Site "Bergen"]
[Date "2009.07.05"]
[Round "2"]
[White "Borchgrevink, Harald B"]
[Black "Haarr, Jon Kristian"]
[Result "0-1"]
[WhiteElo "2283"]
[BlackElo "2128"]
[PlyCount "122"]
[EventDate "2009.07.09"]
[EventType "swiss"]
[EventRounds "9"]
[EventCountry "NOR"]
[SourceDate "2009.07.06"]

1. d4 d5 2. Nf3 Nf6 3. c4 c6 4. e3 e6 5. Qc2 Nbd7 6. Nbd2 b6 7. cxd5 cxd5 8.
Bd3 Bb7 9. O-O Bd6 10. a3 O-O 11. b4 Rc8 12. Qb1 e5 13. dxe5 Nxe5 14. Bf5 Rc7
15. Nd4 Qe8 16. a4 a6 17. b5 a5 18. Ba3 Bxa3 19. Rxa3 Nc4 20. Nxc4 dxc4 21. Rc1
g6 22. Bd3 Qa8 23. Bf1 Rfc8 24. Qa1 Nd5 25. e4 Nf6 26. f3 Nd7 27. Rac3 Ne5 28.
R3c2 Rc5 29. Qa3 Qb8 30. Be2 Qd6 31. Qe3 Nd3 32. Rd1 Rd8 33. Bxd3 Qxd4 34. Qxd4
Rxd4 35. Be2 Rxd1+ 36. Bxd1 c3 37. Be2 Bc8 38. Kf2 Be6 39. Ke3 Bb3 40. Rc1 Bxa4
41. Kd4 c2 42. Bc4 Kf8 43. f4 Ke7 44. h4 f6 45. g4 h6 46. Kd3 Kd6 47. Kd4 Rc8
48. e5+ fxe5+ 49. fxe5+ Ke7 50. g5 hxg5 51. hxg5 Rc5 52. Bd3 Bb3 53. Bxg6 a4
54. Bh7 Kf7 55. Kd3 Rxe5 56. Kd2 Rd5+ 57. Ke2 Rc5 58. Kd2 Rd5+ 59. Ke2 Rd1 60.
Rxc2 Bxc2 61. Bxc2 Rd4 0-1

[Event "Landsturneringen 2009, Mester"]
[Site "Bergen"]
[Date "2009.07.05"]
[Round "2"]
[White "Ferkingstad, Sjur"]
[Black "Gundersen, Helge"]
[Result "1-0"]
[WhiteElo "2111"]
[BlackElo "2231"]
[PlyCount "59"]
[EventDate "2009.07.09"]
[EventType "swiss"]
[EventRounds "9"]
[EventCountry "NOR"]
[SourceDate "2009.07.06"]

1. e4 e6 2. d4 d5 3. Nd2 Nc6 4. c3 e5 5. Ngf3 exd4 6. Nxd4 Nxd4 7. cxd4 dxe4 8.
Nxe4 Nf6 9. Bd3 Nxe4 10. Bxe4 Bd6 11. O-O O-O 12. Qf3 c6 13. Bf4 f5 14. Bc2
Bxf4 15. Bb3+ Kh8 16. Qxf4 Bd7 17. Rae1 Be8 18. Re5 Bf7 19. Bxf7 Rxf7 20. d5
cxd5 21. Rd1 Qf6 22. h3 g6 23. Rdxd5 Raf8 24. Re2 b6 25. Rd6 Qg7 26. Red2 Re7
27. Rd8 Rfe8 28. R2d7 Qf7 29. Qd4+ Kg8 30. Rxe8+ 1-0

[Event "Landsturneringen 2009, Mester"]
[Site "Bergen"]
[Date "2009.07.05"]
[Round "2"]
[White "Kovachev, Daniel Jakobsen"]
[Black "Myhrvold, Rune"]
[Result "1-0"]
[WhiteElo "2239"]
[BlackElo "2103"]
[PlyCount "59"]
[EventDate "2009.07.09"]
[EventType "swiss"]
[EventRounds "9"]
[EventCountry "NOR"]
[SourceDate "2009.07.06"]

1. e4 c6 2. c4 d5 3. cxd5 cxd5 4. exd5 Nf6 5. Nc3 Nxd5 6. Nf3 Nxc3 7. bxc3 Nc6
8. d4 e6 9. Bd3 Be7 10. O-O O-O 11. Re1 Qc7 12. Qe2 Bd7 13. Qe4 f5 14. Qe2 Rac8
15. Bg5 Bd6 16. c4 Rfe8 17. c5 Bf4 18. Bxf4 Qxf4 19. Rad1 Rcd8 20. Bc4 Kf8 21.
Qb2 Rb8 22. Re3 Qh6 23. Qd2 Rbd8 24. Rde1 b6 25. cxb6 axb6 26. d5 Bc8 27. Qe2
Na5 28. dxe6 Re7 29. Ne5 Rd6 30. Nf7 1-0

[Event "Landsturneringen 2009, Mester"]
[Site "Bergen"]
[Date "2009.07.05"]
[Round "2"]
[White "Lillevold, Frode"]
[Black "Moen, Ole Christian"]
[Result "0-1"]
[WhiteElo "2102"]
[BlackElo "2205"]
[PlyCount "100"]
[EventDate "2009.07.09"]
[EventType "swiss"]
[EventRounds "9"]
[EventCountry "NOR"]
[SourceDate "2009.07.06"]

1. d4 g6 2. c4 Bg7 3. Nc3 d6 4. e4 e5 5. d5 Nd7 6. Be3 a5 7. Bd3 Bh6 8. Bxh6
Nxh6 9. Qd2 Nc5 10. Bc2 Ng8 11. h4 h6 12. h5 Qg5 13. O-O-O gxh5 14. f4 Qxf4 15.
Qxf4 exf4 16. Nb5 Na6 17. Rf1 Bg4 18. Rxf4 Ne7 19. Ba4 O-O 20. Bd1 Ng6 21. Rf1
Rae8 22. Bf3 f5 23. exf5 Rxf5 24. Nd4 Rfe5 25. Nh3 Nc5 26. Nf2 Bxf3 27. Nxf3
Re2 28. Re1 Nf4 29. Kd1 Kf7 30. Nh3 Rxe1+ 31. Nxe1 Ncd3 32. Rf1 Rxe1+ 33. Rxe1
Nxh3 34. gxh3 Nxe1 35. Kxe1 Kf6 36. Kf2 Ke5 37. Ke3 a4 38. b3 a3 39. h4 b6 40.
b4 b5 41. cxb5 Kxd5 42. Kd3 Ke5 43. Kc4 Ke4 44. Kc3 d5 45. Kc2 d4 46. Kd2 d3
47. Kd1 Kd4 48. Kd2 Kc4 49. b6 cxb6 50. b5 Kd4 0-1

[Event "Landsturneringen 2009, Mester"]
[Site "Bergen"]
[Date "2009.07.05"]
[Round "2"]
[White "Martinsen, Stig K."]
[Black "Gandrud, Vegar Koi"]
[Result "0-1"]
[WhiteElo "2132"]
[BlackElo "2151"]
[PlyCount "52"]
[EventDate "2009.07.09"]
[EventType "swiss"]
[EventRounds "9"]
[EventCountry "NOR"]
[SourceDate "2009.07.06"]

1. e4 c5 2. Nc3 g6 3. f4 Nc6 4. Nf3 Bg7 5. Bb5 Nd4 6. O-O e6 7. e5 a6 8. Bd3 d5
9. Nxd4 cxd4 10. Ne2 Ne7 11. b4 Qb6 12. a3 O-O 13. Bb2 Nc6 14. Qe1 f6 15. exf6
Rxf6 16. Kh1 Bd7 17. Nc1 Raf8 18. g3 e5 19. fxe5 Nxe5 20. Rxf6 Qxf6 21. Be2 Nc4
22. Ra2 Qe5 23. d3 Nxb2 24. Rxb2 Bh6 25. c4 Bg4 26. Qd1 Bxc1 0-1

[Event "Landsturneringen 2009, Mester"]
[Site "Bergen"]
[Date "2009.07.05"]
[Round "2"]
[White "Riisem, Øyvind"]
[Black "Hobber, Anders"]
[Result "1-0"]
[WhiteElo "1967"]
[BlackElo "2056"]
[PlyCount "169"]
[EventDate "2009.07.09"]
[EventType "swiss"]
[EventRounds "9"]
[EventCountry "NOR"]
[SourceDate "2009.07.06"]

1. e4 e6 2. d4 d5 3. e5 c5 4. Qg4 cxd4 5. Nf3 Nc6 6. Bd3 Nge7 7. O-O Ng6 8. Re1
Qc7 9. Qg3 Bb4 10. Nbd2 O-O 11. a3 Be7 12. Nb3 f6 13. Bxg6 hxg6 14. exf6 Qxg3
15. f7+ Rxf7 16. hxg3 Bf6 17. Bf4 Re7 18. Bd6 Re8 19. Be5 Bd7 20. Rad1 Rac8 21.
Nbxd4 Na5 22. c3 a6 23. Re2 Kf7 24. Ne1 Nc4 25. Nd3 g5 26. g4 Rh8 27. Rde1 Rhe8
28. g3 Na5 29. f4 Nc6 30. Nf3 gxf4 31. gxf4 Bd8 32. Bd6 Bb6+ 33. Kg2 Kg8 34.
Ng5 e5 35. Nxe5 Nxe5 36. Rxe5 Rxe5 37. Rxe5 Bxg4 38. Re7 d4 39. Be5 d3 40.
Rxg7+ Kf8 41. Nh7+ Ke8 42. Nf6+ Kf8 43. Nxg4 Rd8 44. Rh7 d2 45. Rh8+ Ke7 46.
Bf6+ Ke6 47. Rxd8 Bxd8 48. Ne3 Kxf6 49. Kf3 Bb6 50. Nd1 Kf5 51. Ke2 Kxf4 52.
Kxd2 Ke4 53. b3 Bd8 54. Nf2+ Kd5 55. Kd3 Be7 56. c4+ Kc6 57. b4 a5 58. b5+ Kc7
59. a4 b6 60. Ne4 Ba3 61. Kd4 Bb2+ 62. Kd5 Bc1 63. Ke6 Be3 64. Nc3 Bg1 65. Nd5+
Kb7 66. Kd7 Bf2 67. Nf6 Bg1 68. Ne4 Be3 69. Nd6+ Ka7 70. Kc6 Kb8 71. Nb7 Ka7
72. c5 bxc5 73. b6+ Kb8 74. Nxc5 Bf4 75. Nb3 Bg3 76. Nxa5 Be1 77. Nb3 Ka8 78.
a5 Bf2 79. Nc5 Bg3 80. a6 Bf4 81. Ne6 Bg3 82. Nc7+ Bxc7 83. bxc7 Ka7 84. c8=R
Kxa6 85. Ra8# 1-0

[Event "Landsturneringen 2009, Mester"]
[Site "Bergen"]
[Date "2009.07.05"]
[Round "2"]
[White "Skrondal, Inge Sandstad"]
[Black "Sørgjerd, Jan"]
[Result "1-0"]
[WhiteElo "2218"]
[BlackElo "2093"]
[PlyCount "84"]
[EventDate "2009.07.09"]
[EventType "swiss"]
[EventRounds "9"]
[EventCountry "NOR"]
[SourceDate "2009.07.06"]

1. Nf3 c5 2. c4 Nf6 3. Nc3 e6 4. g3 b6 5. Bg2 Bb7 6. O-O Be7 7. Re1 d6 8. e4
O-O 9. d4 cxd4 10. Nxd4 a6 11. Be3 Qc7 12. Rc1 Nbd7 13. f4 Rfe8 14. Nd5 Qb8 15.
Nxe7+ Rxe7 16. Bf2 Ne8 17. g4 Nf8 18. g5 Rd7 19. f5 Qd8 20. h4 b5 21. fxe6 fxe6
22. Bh3 Nc7 23. Qb3 Re7 24. a4 Qe8 25. cxb5 axb5 26. axb5 Qg6 27. Nf5 Rd7 28.
Nxd6 Rxd6 29. Rxc7 Bxe4 30. Qb4 Rd3 31. Qxe4 Qxe4 32. Rxe4 Rxh3 33. Bd4 e5 34.
Rxe5 Rxh4 35. Bc3 Rg4+ 36. Kf2 Ng6 37. Rf5 Rg2+ 38. Kxg2 Nh4+ 39. Kh3 Nxf5 40.
b6 Rb8 41. b7 Nd6 42. Rxg7+ Kf8 1-0

[Event "Landsturneringen 2009, Mester"]
[Site "Bergen"]
[Date "2009.07.05"]
[Round "2"]
[White "Stubberud, Ørnulf"]
[Black "Aulin-Jansson, Jøran"]
[Result "1-0"]
[WhiteElo "2200"]
[BlackElo "2122"]
[PlyCount "81"]
[EventDate "2009.07.09"]
[EventType "swiss"]
[EventRounds "9"]
[EventCountry "NOR"]
[SourceDate "2009.07.06"]

1. e4 c5 2. Nf3 d6 3. d4 cxd4 4. Nxd4 Nf6 5. Nc3 a6 6. f3 e5 7. Nb3 Be6 8. Be3
Be7 9. Qd2 O-O 10. O-O-O a5 11. Bb5 Nbd7 12. Qf2 Qc7 13. g4 Rfc8 14. Kb1 Bc4
15. g5 Ne8 16. Bxc4 Qxc4 17. Nd5 Bf8 18. Rc1 Nc7 19. Rhd1 b5 20. h4 b4 21. Nd2
Qb5 22. Qf1 Qb7 23. Nc4 Ra6 24. Nxc7 Rxc7 25. Rd5 Qc8 26. b3 a4 27. Rcd1 Qa8
28. R1d2 f5 29. Qd3 f4 30. Bf2 Be7 31. Rb5 axb3 32. cxb3 Qc8 33. Rxb4 Nc5 34.
Bxc5 Rxc5 35. Nb6 Qh3 36. Kb2 Qh1 37. Rc2 Raa5 38. Nd7 Rxc2+ 39. Qxc2 d5 40.
Qc8+ Kf7 41. Nxe5# 1-0

[Event "Landsturneringen 2009, Mester"]
[Site "Bergen"]
[Date "2009.07.05"]
[Round "2"]
[White "Vea, Odin Blikra"]
[Black "Bjerke, Silje"]
[Result "1/2-1/2"]
[WhiteElo "2139"]
[BlackElo "2233"]
[PlyCount "116"]
[EventDate "2009.07.09"]
[EventType "swiss"]
[EventRounds "9"]
[EventCountry "NOR"]
[SourceDate "2009.07.06"]

1. e4 c5 2. Nf3 d6 3. d4 Nf6 4. Nc3 cxd4 5. Nxd4 a6 6. h3 e6 7. g4 d5 8. exd5
Nxd5 9. Nde2 Bb4 10. Bg2 O-O 11. a3 Nxc3 12. Qxd8 Rxd8 13. Nxc3 Bxc3+ 14. bxc3
Nc6 15. Bxc6 bxc6 16. Rb1 Bd7 17. Be3 Rdb8 18. Kd2 f6 19. c4 e5 20. Kc3 Be6 21.
Bc5 g5 22. Rhd1 Kf7 23. f3 h5 24. a4 hxg4 25. hxg4 e4 26. fxe4 Bxg4 27. Rxb8
Rxb8 28. Rd6 Re8 29. Bd4 Re6 30. c5 Ke7 31. Kb4 Be2 32. Ka5 Rxd6 33. cxd6+ Kxd6
34. Bxf6 g4 35. Bh4 Ke5 36. Kb6 Kxe4 37. Kxc6 Bd1 38. Kc5 Bxc2 39. Kc4 Bxa4 40.
Kc3 Kf3 41. Kb2 g3 42. Be7 g2 43. Bc5 Ke2 44. Ka1 Kf1 45. Bd4 g1=Q 46. Bxg1
Kxg1 47. Kb1 Kf2 48. Ka1 Ke3 49. Kb2 Kd3 50. Ka1 a5 51. Kb2 Bb5 52. Ka1 a4 53.
Kb2 Kc4 54. Ka1 Kb3 55. Kb1 a3 56. Ka1 Bc4 57. Kb1 Bd3+ 58. Ka1 a2 1/2-1/2

[Event "Landsturneringen 2009, Mester"]
[Site "Bergen"]
[Date "2009.07.06"]
[Round "3"]
[White "Aulin-Jansson, Jøran"]
[Black "Borchgrevink, Harald B"]
[Result "1/2-1/2"]
[WhiteElo "2122"]
[BlackElo "2283"]
[PlyCount "183"]
[EventDate "2009.07.09"]
[EventType "swiss"]
[EventRounds "9"]
[EventCountry "NOR"]
[SourceDate "2009.07.06"]

1. d4 Nf6 2. Nf3 e6 3. c4 b6 4. g3 Ba6 5. Qa4 Bb7 6. Bg2 c5 7. dxc5 Bxc5 8. O-O
O-O 9. Nc3 Qc8 10. Bg5 Bc6 11. Qc2 Qb7 12. Bxf6 gxf6 13. a3 a5 14. Rfd1 Kh8 15.
Nb5 Be7 16. Nd6 Qc7 17. Ne4 f5 18. Qc3+ f6 19. Ned2 Na6 20. Nd4 Bxg2 21. Kxg2
Qb7+ 22. Qf3 Qxf3+ 23. Kxf3 Rac8 24. Rac1 Bd6 25. Nf1 Be5 26. Ne3 Nc5 27. Rc2
a4 28. Kg2 f4 29. Ng4 Bb8 30. f3 f5 31. Nf2 fxg3 32. hxg3 Rg8 33. g4 Rcf8 34.
Rh1 Bf4 35. Rc3 Bd2 36. Rc2 Be3 37. Nb5 Bxf2 38. Kxf2 fxg4 39. Nd6 gxf3 40.
exf3 Rg5 41. Ke3 Rg3 42. Rf2 Kg7 43. Ne4 Nxe4 44. Kxe4 Rc8 45. Kd4 h6 46. Rh5
Rg1 47. Rfh2 Rd1+ 48. Ke3 Rxc4 49. Rxh6 Rcd4 50. R6h4 R4d3+ 51. Ke4 Kf6 52. Rh7
Rd4+ 53. Ke3 R1d3+ 54. Ke2 Rd2+ 55. Ke3 R4d3+ 56. Kf4 e5+ 57. Kg4 Rxh2 58. Rxh2
Rb3 59. Rh6+ Ke7 60. Kf5 Rb5 61. Rh4 Kd6 62. Rxa4 Rxb2 63. Ra7 Re2 64. Rb7 Kc6
65. Rb8 Kc7 66. Rh8 Re3 67. a4 d6 68. Rh7+ Kc6 69. Kg4 Rb3 70. Ra7 Rd3 71. a5
b5 72. a6 Ra3 73. Ra8 Ra4+ 74. Kg5 Kb6 75. Re8 Kc7 76. Ra8 Rf4 77. a7 Ra4 78.
Kf5 b4 79. Rb8 Rxa7 80. Rxb4 Ra3 81. Ke6 Kc6 82. Rc4+ Kb5 83. Rc1 Rd3 84. Rc8
Kb4 85. Rc6 Rxf3 86. Rxd6 Re3 87. Rc6 Re1 88. Rc8 e4 89. Ke5 e3 90. Ke4 e2 91.
Ke3 Rh1 92. Kxe2 1/2-1/2